<?xml version="1.0" encoding="UTF-8"?>
<record
    xmlns:xsi="http://www.w3.org/2001/XMLSchema-instance"
    xsi:schemaLocation="http://www.loc.gov/MARC21/slim http://www.loc.gov/standards/marcxml/schema/MARC21slim.xsd"
    xmlns="http://www.loc.gov/MARC21/slim">

  <leader>00406nam a2200145Ia 4500</leader>
  <controlfield tag="008">231217s9999    xx            000 0 und d</controlfield>
  <datafield tag="041" ind1=" " ind2=" ">
    <subfield code="a">English</subfield>
  </datafield>
  <datafield tag="082" ind1=" " ind2=" ">
    <subfield code="a">658.848  ING;1  R</subfield>
  </datafield>
  <datafield tag="100" ind1=" " ind2=" ">
    <subfield code="a">Ingco, Merlinda D ed</subfield>
  </datafield>
  <datafield tag="245" ind1=" " ind2="0">
    <subfield code="a">Agriculture, trade, and the WTO in South Asia</subfield>
  </datafield>
  <datafield tag="260" ind1=" " ind2=" ">
    <subfield code="c">2003</subfield>
    <subfield code="b">World Bank</subfield>
    <subfield code="a">Washington</subfield>
  </datafield>
  <datafield tag="300" ind1=" " ind2=" ">
    <subfield code="a">xiv+244</subfield>
  </datafield>
  <datafield tag="650" ind1=" " ind2=" ">
    <subfield code="a">Agriculture,,trade,,WTO,South,Asia</subfield>
  </datafield>
  <datafield tag="942" ind1=" " ind2=" ">
    <subfield code="c">AA</subfield>
  </datafield>
  <datafield tag="999" ind1=" " ind2=" ">
    <subfield code="c">174111</subfield>
    <subfield code="d">174111</subfield>
  </datafield>
  <datafield tag="952" ind1=" " ind2=" ">
    <subfield code="r">2024-01-26 00:00:00</subfield>
    <subfield code="l">0</subfield>
    <subfield code="o">658.848  ING;1  R</subfield>
    <subfield code="p">32884</subfield>
    <subfield code="v">519.75</subfield>
    <subfield code="w">2024-01-26</subfield>
    <subfield code="y">AA</subfield>
    <subfield code="1">0</subfield>
    <subfield code="4">0</subfield>
    <subfield code="7">0</subfield>
    <subfield code="8">CL</subfield>
    <subfield code="0">0</subfield>
    <subfield code="a">ML</subfield>
    <subfield code="b">ML</subfield>
    <subfield code="c">CL</subfield>
    <subfield code="d">2005-03-02</subfield>
    <subfield code="e">Anand Associates</subfield>
    <subfield code="g">45.00</subfield>
    <subfield code="E">MBA</subfield>
    <subfield code="K">1204/BL/2004</subfield>
    <subfield code="L">05/12/2007</subfield>
    <subfield code="G">USD</subfield>
    <subfield code="F">46.2</subfield>
    <subfield code="V">33.75</subfield>
    <subfield code="W">75</subfield>
  </datafield>
  <datafield tag="952" ind1=" " ind2=" ">
    <subfield code="r">2024-01-26 00:00:00</subfield>
    <subfield code="l">0</subfield>
    <subfield code="o">658.848  ING;2  R1</subfield>
    <subfield code="p">32885</subfield>
    <subfield code="v">519.75</subfield>
    <subfield code="w">2024-01-26</subfield>
    <subfield code="y">AA</subfield>
    <subfield code="1">0</subfield>
    <subfield code="4">0</subfield>
    <subfield code="7">0</subfield>
    <subfield code="8">CL</subfield>
    <subfield code="0">0</subfield>
    <subfield code="a">ML</subfield>
    <subfield code="b">ML</subfield>
    <subfield code="c">CL</subfield>
    <subfield code="d">2005-03-02</subfield>
    <subfield code="e">Anand Associates</subfield>
    <subfield code="g">45.00</subfield>
    <subfield code="E">MBA</subfield>
    <subfield code="K">1204/BL/2004</subfield>
    <subfield code="L">05/12/2007</subfield>
    <subfield code="G">USD</subfield>
    <subfield code="F">46.2</subfield>
    <subfield code="V">33.75</subfield>
    <subfield code="W">75</subfield>
  </datafield>
  <datafield tag="952" ind1=" " ind2=" ">
    <subfield code="r">2024-01-26 00:00:00</subfield>
    <subfield code="l">0</subfield>
    <subfield code="o">658.848  ING;3</subfield>
    <subfield code="p">32886</subfield>
    <subfield code="v">519.75</subfield>
    <subfield code="w">2024-01-26</subfield>
    <subfield code="y">AA</subfield>
    <subfield code="1">0</subfield>
    <subfield code="4">0</subfield>
    <subfield code="7">0</subfield>
    <subfield code="8">CL</subfield>
    <subfield code="0">0</subfield>
    <subfield code="a">ML</subfield>
    <subfield code="b">ML</subfield>
    <subfield code="c">CL</subfield>
    <subfield code="d">2005-03-02</subfield>
    <subfield code="e">Anand Associates</subfield>
    <subfield code="g">45.00</subfield>
    <subfield code="E">MBA</subfield>
    <subfield code="K">1204/BL/2004</subfield>
    <subfield code="L">05/12/2007</subfield>
    <subfield code="G">USD</subfield>
    <subfield code="F">46.2</subfield>
    <subfield code="V">33.75</subfield>
    <subfield code="W">75</subfield>
  </datafield>
  <datafield tag="952" ind1=" " ind2=" ">
    <subfield code="r">2024-01-26 00:00:00</subfield>
    <subfield code="l">0</subfield>
    <subfield code="o">658.848  ING;4</subfield>
    <subfield code="p">32887</subfield>
    <subfield code="v">519.75</subfield>
    <subfield code="w">2024-01-26</subfield>
    <subfield code="y">AA</subfield>
    <subfield code="1">0</subfield>
    <subfield code="4">0</subfield>
    <subfield code="7">0</subfield>
    <subfield code="8">CL</subfield>
    <subfield code="0">0</subfield>
    <subfield code="a">ML</subfield>
    <subfield code="b">ML</subfield>
    <subfield code="c">CL</subfield>
    <subfield code="d">2005-03-02</subfield>
    <subfield code="e">Anand Associates</subfield>
    <subfield code="g">45.00</subfield>
    <subfield code="E">MBA</subfield>
    <subfield code="K">1204/BL/2004</subfield>
    <subfield code="L">24/12/2009</subfield>
    <subfield code="G">USD</subfield>
    <subfield code="F">46.2</subfield>
    <subfield code="V">33.75</subfield>
    <subfield code="W">75</subfield>
  </datafield>
  <datafield tag="952" ind1=" " ind2=" ">
    <subfield code="r">2024-01-26 00:00:00</subfield>
    <subfield code="l">0</subfield>
    <subfield code="o">658.848  ING;5</subfield>
    <subfield code="p">32888</subfield>
    <subfield code="v">519.75</subfield>
    <subfield code="w">2024-01-26</subfield>
    <subfield code="y">AA</subfield>
    <subfield code="1">0</subfield>
    <subfield code="4">0</subfield>
    <subfield code="7">0</subfield>
    <subfield code="8">CL</subfield>
    <subfield code="0">0</subfield>
    <subfield code="a">ML</subfield>
    <subfield code="b">ML</subfield>
    <subfield code="c">CL</subfield>
    <subfield code="d">2005-03-02</subfield>
    <subfield code="e">Anand Associates</subfield>
    <subfield code="g">45.00</subfield>
    <subfield code="E">MBA</subfield>
    <subfield code="K">1204/BL/2004</subfield>
    <subfield code="L">28/11/2007</subfield>
    <subfield code="G">USD</subfield>
    <subfield code="F">46.2</subfield>
    <subfield code="V">33.75</subfield>
    <subfield code="W">75</subfield>
  </datafield>
</record>
